Κατάλογος Βιβλιοθηκών Mediterranean College

Έχω Κώφωση / Περιλαμβάνει: Δραστηριότητες, Οδηγό για τους Γονείς (Record no. 6011)

MARC details
000 -LEADER
fixed length control field 02027cam a22002054a 4500
005 - ΗΜΕΡΟΜΗΝΙΑ ΚΑΙ ΩΡΑ ΤΕΛΕΥΤΑΙΑΣ ΕΝΗΜΕΡΩΣΗΣ
Πεδίο ελέγχου 20250605164230.0
008 - FIXED-LENGTH DATA ELEMENTS--GENERAL INFORMATION
Πεδίο ελέγχου σταθερού μήκους 250528s ||||||||||||||||||||||||d
035 ## - SYSTEM CONTROL NUMBER
System control number 20934
020 ## - ISBN
ISBN 9789605831943
040 ## - ΠΗΓΗ ΚΑΤΑΛΟΓΟΓΡΑΦΗΣΗΣ
Φορέας πρωτότυπης καταλογογράφησης MC Athens Campus Library
Γλώσσα καταλογογράφησης Ελληνικά, Μοντέρνα (1453-)
Modifying agency MC Athens Campus Library
Κανόνες περιγραφικής καταλογογράφησης AACR2
245 1# - ΤΙΤΛΟΣ ΚΑΙ ΔΗΛΩΣΗ ΥΠΕΥΘΥΝΟΤΗΤΑΣ
Τίτλος Έχω Κώφωση / Περιλαμβάνει: Δραστηριότητες, Οδηγό για τους Γονείς
260 ## - PUBLICATION, DISTRIBUTION, ETC.
Name of publisher, distributor, etc. Εκδόσεις Παρισιάνου,
Date of publication, distribution, etc. 2016
300 ## - PHYSICAL DESCRIPTION
Extent 36
520 ## - SUMMARY, ETC.
Summary, etc. Η Λιάνα είναι 10 ετών και είναι κωφή. Σε αυτή την ιστορία, η Λιάνα εξηγεί το πώς είναι να έχεις κώφωση και μιλά για ορισμένα αντικείμενα που χρησιμοποιεί και τη βοηθούν να μαθαίνει στο σχολείο και να επικοινωνεί με τους άλλους. Μια μέρα στο σχολείο, παρατηρεί ότι πολλά παιδιά που έχουν κανονική ακοή παρακολουθούν εκείνη και τους βαρήκοους φίλους της ενώ χρησιμοποιού την νοηματική γλώσσα. Εκείνη τη στιγμή, η Λιάνα έχει μια καταπληκτική ιδέα. Μπορεί η ιδέα της να γεφυρώσει το χάσμα ανάμεσα στον κόσμο των ανθρώπων που ακούν και στον κόσμο των ανθρώπων που δεν ακούν; Η ελικρίνεια και η ευαισθησία της Λιάνας όχι μόνο θα σας διδάξει πράγματα για τον κόσμο της σιωπής, αλλά παράλληλα θα σας διαφωτίσει με τον ενθουσιασμό της και τη λαχτάρα της να προσεγγίσει τους άλλους.
700 1# - ΠΡΟΣΘΕΤΗ ΑΝΑΓΡΑΦΗ--ΦΥΣΙΚΟ ΠΡΟΣΩΠΟ
Personal name Moore-Mallinos Jennifer
9 (RLIN) 6920
700 1# - ΠΡΟΣΘΕΤΗ ΑΝΑΓΡΑΦΗ--ΦΥΣΙΚΟ ΠΡΟΣΩΠΟ
Personal name Λαζαράτου Ελένη
9 (RLIN) 6921
942 ## - ADDED ENTRY ELEMENTS (KOHA)
Koha item type Books
Holdings
Τύπος τεκμηρίου Βιβλιοθήκη Τρέχουσα τοποθεσία Barcode Αριθμός εισαγωγής Ημερομηνία απόκτησης Ταξιθετικό σύμβολο Αριθμός αντιτύπου Κατάσταση απόσυρσης Κατάσταση χαμένου Κατάσταση κατεστραμμένου Μη δανεισμός Σύνολο δανεισμών Ημερομηνία τελευταίας εμφάνισης Η τιμή ισχύει από
Books MC Athens Campus Library MC Athens Campus Library 9780000060105 6670 05/06/2025 FIC MOO 1           05/06/2025 05/06/2025

MC Athens Campus Library
Πατησίων 94 & Κοδριγκτώνος 13, 104 34
Πελλήνης 8 & Πατησίων 107, 112 51
Τ: +30 210 8899600

MC Thessaloniki Campus Library
Ίωνος Δραγούμη 21, 54625 | Ίωνος Δραγούμη 15, 54625
Τ: +30 2310 287779 – Τ: +30 2314 440300